000 00641nam a2200217Ia 4500
005 20241129105759.0
008 241129s9999||||xx |||||||||||||| ||und||
020 _a978-1-032-20319-5
037 _aTB
040 _aARTS
_beng
_cARTS
041 _aeng
_2eng
084 _aT4.273 R1
_qARTS
100 _aBhushan Sudhanshu Au.
_9724711
245 0 _aGovernance of higher education in Bihar: influence of power centers
_cBhushan Sudhanshu Au.
260 _aLodon, UK
_bLodon Routledge
_c2021
300 _axvii,248p.
365 _aINR
_b995
650 _aHigher Education
942 _cTB
_hT4.273 R1
999 _c1225907
_d1225907